000 00421nam a22001577a 4500
005 20251108164706.0
008 250721s1986 xx 000 0 ara d
082 1 4 _a747/ديك
245 1 0 _aالديكور المنزلي /
264 1 _aميلانو :
_bمؤسسة الديار،
_c1986.
300 _a39ص : مص
490 0 _aدليلك سيدتي
650 1 7 _aالديكور
942 _2ddc
_cBK
999 _c11993
_d11993